| 000 | 00465nam a22001577a 4500 | ||
|---|---|---|---|
| 020 | _a0829904 17 4 | ||
| 082 | _a808.5024658 KOE | ||
| 100 |
_aKoehler W Jerry _97356 |
||
| 245 | _aPublic Communication in Business and the Professions | ||
| 260 |
_aNew York _bWest _c1981 |
||
| 300 |
_aix, 215 p _bill, :25cm |
||
| 500 | _aincludes index | ||
| 650 |
_aPublic Communication in Business and the Professions _97357 |
||
| 700 |
_aSisco, John I _97358 |
||
| 942 | _cBK | ||
| 999 |
_c15211 _d15211 |
||